Paw Patrol Characters - Statistics

General Stats
  • This quiz has been taken 876 times
  • The average score is 8 of 10
Answer Stats
Picture Answer % Correct
Chase
99%
Rubble
93%
Zuma
90%
Skye
88%
Rocky
87%
Marshall
86%
Ryder
85%
Everest
78%
Tracker
70%
Chickaletta
56%
No matching quizzes found
Score Distribution
Percent of People with Each Score
Percentile by Number Answered
Your Score History
You have not taken this quiz